000 00382nam a2200169Ia 4500
008 210210b1949 xxu||||| |||| 00| 0 eng d
082 _a539/32
100 _aGAMOW (George)
245 _aBirth and death of the sun
260 _aNew York
_bViking Press
_c1949
300 _a245
650 _asun
650 _adeath
650 _aBirth
690 _aPhysics
906 _a009048
999 _c127797
_d127797